Contratos inteligentes : (Registro nro. 173261)
[ vista simple ]
| 000 -LEADER | |
|---|---|
| fixed length control field | 01316cam a2200385 i 4500 |
| 001 - CONTROL NUMBER | |
| control field | 22998046 |
| 006 - FIXED-LENGTH DATA ELEMENTS--ADDITIONAL MATERIAL CHARACTERISTICS--GENERAL INFORMATION | |
| fixed length control field | m o d |
| 007 - PHYSICAL DESCRIPTION FIXED FIELD--GENERAL INFORMATION | |
| fixed length control field | cr un ---uuuua |
| 008 - FIXED-LENGTH DATA ELEMENTS--GENERAL INFORMATION | |
| fixed length control field | 230303s2022 ck o 000 0 spa d |
| 010 ## - LIBRARY OF CONGRESS CONTROL NUMBER | |
| LC control number | 2022445843 |
| 020 ## - INTERNATIONAL STANDARD BOOK NUMBER | |
| International Standard Book Number | 9789587464795 |
| 020 ## - INTERNATIONAL STANDARD BOOK NUMBER | |
| International Standard Book Number | 9789587464818 |
| Qualifying information | (pdf) |
| 020 ## - INTERNATIONAL STANDARD BOOK NUMBER | |
| Cancelled/invalid ISBN | 9789587464801 |
| Qualifying information | (epub) |
| 035 ## - | |
| -- | 40474 |
| 040 ## - CATALOGING SOURCE | |
| Original cataloging agency | UtOrBLW |
| Language of cataloging | eng |
| Description conventions | rda |
| Transcribing agency | UtOrBLW |
| 042 ## - | |
| -- | pcc |
| 043 ## - | |
| -- | s-ck--- |
| 050 00 - | |
| -- | KHH822 |
| -- | .F84 2022 |
| 082 04 - | |
| -- | 346.86102 |
| -- | 23 |
| 100 1# - MAIN ENTRY--PERSONAL NAME | |
| Personal name | Fuentes Blanco, Edgar Andrés, |
| Relator term | author. |
| 245 10 - TITLE STATEMENT | |
| Title | Contratos inteligentes : |
| Remainder of title | un análisis teórico desde la autonomía privada en el ordenamiento jurídico colombiano / |
| Statement of responsibility, etc | Edgar Andrés Fuentes Blanco. |
| 250 ## - | |
| -- | Primera edición. |
| 264 #1 - | |
| -- | [Santa Marta] : |
| -- | [Editorial Unimagdalena], |
| -- | 2022. |
| 300 ## - PHYSICAL DESCRIPTION | |
| Extent | 1 online resource (139 pages) |
| 336 ## - | |
| -- | text |
| -- | txt |
| -- | rdacontent |
| 337 ## - | |
| -- | computer |
| -- | c |
| -- | rdamedia |
| 338 ## - | |
| -- | online resource |
| -- | cr |
| -- | rdacarrier |
| 490 0# - SERIES STATEMENT | |
| Series statement | Colección Ciencias Sociales. Serie Derecho y Ciencias Políticas |
| 650 #0 - SUBJECT ADDED ENTRY--TOPICAL TERM | |
| Topical term or geographic name as entry element | Smart contracts |
| Geographic subdivision | Colombia. |
| 650 #0 - SUBJECT ADDED ENTRY--TOPICAL TERM | |
| Topical term or geographic name as entry element | Electronic contracts |
| Geographic subdivision | Colombia. |
| 650 #0 - SUBJECT ADDED ENTRY--TOPICAL TERM | |
| Topical term or geographic name as entry element | Contracts |
| Geographic subdivision | Colombia |
| General subdivision | Data processing. |
| 856 40 - LOCALIZACIÓN Y ACCESO ELECTRÓNICO | |
| Identificador Uniforme del Recurso (URI/URL) | https://app.vlex.com/#/sources/40474 |
| 942 ## - | |
| -- | RAA |
| 999 ## - | |
| -- | 173261 |
| -- | 173261 |
No hay ítems disponibles.